<?xml version="1.0" encoding="UTF-8"?>
<record
    xmlns:xsi="http://www.w3.org/2001/XMLSchema-instance"
    xsi:schemaLocation="http://www.loc.gov/MARC21/slim http://www.loc.gov/standards/marcxml/schema/MARC21slim.xsd"
    xmlns="http://www.loc.gov/MARC21/slim">

  <leader>00904nam a2200217 i 4500</leader>
  <controlfield tag="001">24872</controlfield>
  <controlfield tag="003">ES-MaACL</controlfield>
  <controlfield tag="005">20231226211503.0</controlfield>
  <controlfield tag="007">t|</controlfield>
  <controlfield tag="008">021219m18931895sp           |||| | spa d</controlfield>
  <datafield tag="245" ind1="0" ind2="0">
    <subfield code="a">Antolog&#xED;a de poetas hispano-americanos / </subfield>
    <subfield code="c">publicada por la Real Academia Espa&#xF1;ola ; [introducci&#xF3;n de Marcelino Men&#xE9;ndez y Pelayo].</subfield>
  </datafield>
  <datafield tag="260" ind1=" " ind2=" ">
    <subfield code="a">Madrid : </subfield>
    <subfield code="b">[s.n., </subfield>
    <subfield code="c">1893-1895] (</subfield>
    <subfield code="f">Sucesores de Rivadeneyra)</subfield>
  </datafield>
  <datafield tag="300" ind1=" " ind2=" ">
    <subfield code="a">4 v. ; </subfield>
    <subfield code="c">23 cm.</subfield>
  </datafield>
  <datafield tag="505" ind1="8" ind2=" ">
    <subfield code="a">Contiene: I. M&#xE9;xico y Am&#xE9;rica Central - II. Cuba, Santo Domingo, Puerto Rico y Venezuela - III. Colombia, Ecuador, Per&#xFA; y Bolivia - IV. Chile, Rep&#xFA;blica Argentina y Uruguay</subfield>
  </datafield>
  <datafield tag="650" ind1=" " ind2="4">
    <subfield code="a">Poes&#xED;as hispanoamericanas.</subfield>
    <subfield code="9">148477</subfield>
  </datafield>
  <datafield tag="700" ind1="1" ind2=" ">
    <subfield code="a">Men&#xE9;ndez y Pelayo, Marcelino,</subfield>
    <subfield code="d">1856-1912</subfield>
    <subfield code="9">80332</subfield>
  </datafield>
  <datafield tag="710" ind1="2" ind2=" ">
    <subfield code="a">Real Academia Espa&#xF1;ola</subfield>
    <subfield code="9">6336</subfield>
  </datafield>
  <datafield tag="852" ind1=" " ind2=" ">
    <subfield code="a">ES-MaACL</subfield>
    <subfield code="j">F-7088-91</subfield>
  </datafield>
  <datafield tag="942" ind1=" " ind2=" ">
    <subfield code="2">udc</subfield>
  </datafield>
  <datafield tag="999" ind1=" " ind2=" ">
    <subfield code="c">24872</subfield>
    <subfield code="d">24872</subfield>
  </datafield>
  <datafield tag="952" ind1=" " ind2=" ">
    <subfield code="0">0</subfield>
    <subfield code="1">0</subfield>
    <subfield code="4">0</subfield>
    <subfield code="7">0</subfield>
    <subfield code="8">LIBXIX</subfield>
    <subfield code="a">ATENEOM</subfield>
    <subfield code="b">ATENEOM</subfield>
    <subfield code="c">DEPO2</subfield>
    <subfield code="d">2008-01-17</subfield>
    <subfield code="e">SC</subfield>
    <subfield code="l">0</subfield>
    <subfield code="o">F-7088-91</subfield>
    <subfield code="p">1025645</subfield>
    <subfield code="r">2023-02-23 00:00:00</subfield>
    <subfield code="w">2023-02-23</subfield>
    <subfield code="y">MONANT</subfield>
  </datafield>
</record>
